| Tag |
First Indicator |
Second Indicator |
Subfields |
| LEADER |
00000cam a2200000Ia 4500 |
| 001 |
in00002201799 |
| 005 |
20161117154713.0 |
| 008 |
061127s1983 txua 000 0 eng d |
| 035 |
|
|
|a (OCoLC)ocm76805422
|
| 040 |
|
|
|a TXA
|c TXA
|d UtOrBLW
|
| 043 |
|
|
|a n-us-tx
|
| 049 |
|
|
|a TXAM
|
| 090 |
|
|
|a Z241.B58
|b G882 1983
|
| 245 |
0 |
4 |
|a The Gutenberg Bible :
|b the beginning of the printed word.
|
| 264 |
|
1 |
|a [Austin, Tex.?] :
|b University of Texas at Austin,
|c [1983?]
|
| 300 |
|
|
|a 1 folded sheet (2 pages) :
|b illustrations ;
|c 23 cm.
|
| 336 |
|
|
|a text
|b txt
|2 rdacontent
|
| 337 |
|
|
|a unmediated
|b n
|2 rdamedia
|
| 338 |
|
|
|a sheet
|b nb
|2 rdacarrier
|
| 500 |
|
|
|a "Humanities Research Center."
|
| 500 |
|
|
|a "This exhibition made possible by the President's Associates, the University of Texas at Austin"--P. [4] of cover.
|
| 580 |
|
|
|a The Cushing Library/Lowman/Bibliography and Book Arts copies form part of the Bibliography and Books Arts Section of the Al Lowman Printing Arts Collection and Research Archive.
|
| 650 |
|
0 |
|a Gutenberg Bible
|v Exhibitions.
|
| 610 |
2 |
0 |
|a University of Texas at Austin.
|b Humanities Research Center
|v Exhibitions.
|
| 710 |
2 |
|
|a University of Texas at Austin.
|
| 773 |
0 |
|
|t Al Lowman Printing Arts Collection and Research Archive.
|
| 994 |
|
|
|a C0
|b TXA
|
| 948 |
|
|
|a cataloged
|b h
|c 2006/11/27
|d o
|e nbehmer
|f 2:27:36 pm
|
| 999 |
|
|
|a MARS
|
| 999 |
f |
f |
|s 37224e64-925a-398c-a63b-0e58039c8079
|i 30357cfe-1276-3442-b8ce-b69bf46e519f
|t 0
|
| 952 |
f |
f |
|p noncirc
|a Texas A&M University
|b College Station
|c Cushing Memorial Library & Archives
|d Cushing: Lowman (Does not check out)
|t 0
|e Z241.B58 G882 1983
|h Library of Congress classification
|i unmediated -- sheet
|
| 952 |
f |
f |
|p noncirc
|a Texas A&M University
|b College Station
|c Cushing Memorial Library & Archives
|d Cushing: Lowman (Does not check out)
|t 0
|e Z241.B58 G882 1983
|h Library of Congress classification
|i unmediated -- sheet
|
| 998 |
f |
f |
|a Z241.B58 G882 1983
|t 0
|l Cushing: Lowman (Does not check out)
|
| 998 |
f |
f |
|a Z241.B58 G882 1983
|t 0
|l Cushing: Lowman (Does not check out)
|